| 000 | 00532cam a22002174a 4500 | ||
|---|---|---|---|
| 005 | 20250605164318.0 | ||
| 008 | 250528s ||||||||||||||||||||||||d | ||
| 035 | _a22773 | ||
| 020 | _a9780416337600 | ||
| 040 |
_aGR-AtMCL _bgre _dGR-AtMCL _eAACR2 |
||
| 245 | 1 | _aINDIVIDUAL DIFFERENCES / THEORIES AND APPLICATIONS | |
| 250 | _a1 | ||
| 260 | _c1984 | ||
| 300 | _a170 | ||
| 700 | 1 |
_aFletcher Clive _98464 |
|
| 700 | 1 |
_aMethuen _9168 |
|
| 700 | 1 |
_aShackleton Vivian _98465 |
|
| 942 | _cBK | ||
| 999 |
_c7818 _d7818 |
||